000 00486nam a22001932 4500
001 0000001800
005 20170406113729.0
008 140131s xx 000 0 eng d
020 _c$
040 _aYour Holding Symbol
_cYour Holding Symbol
100 1 _aChester.R.H.
245 1 0 _aMen in black.
250 _a ed.
260 _alondon :
_bPelham,books,
_c1978.
300 _a390 p. ;
_c cm.
504 _aindex.
650 0 _arecration.
908 _a140131
999 _c1711
_d1711